Jannat : (Record no. 12749)

000 -LEADER
fixed length control field 00895cam a2200265 i 4500
003 - CONTROL NUMBER IDENTIFIER
control field OSt
005 - DATE AND TIME OF LATEST TRANSACTION
control field 20240711131451.0
008 - FIXED-LENGTH DATA ELEMENTS--GENERAL INFORMATION
fixed length control field 240711b ||||| |||| 00| 0 eng d
020 ## - INTERNATIONAL STANDARD BOOK NUMBER
International Standard Book Number 9788192110622
037 ## - SOURCE OF ACQUISITION
Source of stock number/acquisition Library of Congress -- New Delhi Overseas Office
042 ## - AUTHENTICATION CODE
Authentication code lcode
-- pcc
043 ## - GEOGRAPHIC AREA CODE
Geographic area code a-ii---
050 00 - LIBRARY OF CONGRESS CALL NUMBER
Classification number N7301
Item number .J37 2012
082 ## - DEWEY DECIMAL CLASSIFICATION NUMBER
Classification number [704.9489723]
245 00 - TITLE STATEMENT
Title Jannat :
Remainder of title paradise in Islamic art /
Statement of responsibility, etc edited by Mumtaz Currim ; text editor, Rivka Israel.
300 ## - PHYSICAL DESCRIPTION
Extent 144 pages :
Other physical details illustrations (chiefly color) ;
Dimensions 31 cm
500 ## - GENERAL NOTE
General note "Bol. 63, no. 4, June 2012"--Title page verso.
504 ## - BIBLIOGRAPHY, ETC. NOTE
Bibliography, etc Includes bibliographical references and index.
650 #0 - SUBJECT ADDED ENTRY--TOPICAL TERM
Topical term or geographic name as entry element Islamic art
Geographic subdivision India.
650 #0 - SUBJECT ADDED ENTRY--TOPICAL TERM
Topical term or geographic name as entry element Paradise in art.
700 1# - ADDED ENTRY--PERSONAL NAME
Personal name Currim, Mumtaz,
Relator term editor of compilation.
700 1# - ADDED ENTRY--PERSONAL NAME
Personal name Israel, Rivka,
Relator term editor.
710 2# - ADDED ENTRY--CORPORATE NAME
Corporate name or jurisdiction name as entry element Marg Foundation (Mumbai, India)
942 ## - ADDED ENTRY ELEMENTS (KOHA)
Source of classification or shelving scheme
Holdings
Withdrawn status Lost status Source of classification or shelving scheme Damaged status Koha normalized classification for sorting Not for loan Permanent location Current location Date acquired Source of acquisition Cost, normal purchase price Full call number Barcode Date last seen Cost, replacement price Price effective from Koha item type
        704_9489723   BMS College of Architecture, Design and Planning BMS College of Architecture, Design and Planning 2024-07-11 1 2100.00 [704.9489723] AR-UG3953 2024-07-11 2800.00 2024-07-11 B.PLAN
Copyright © 2025, The Librarian, Library and Information Centre, BMSCA D&P, Bengaluru. All Rights Reserved
web counter

Powered by Koha